Sports Quiz

Random Sports Quiz

Weszlacki Czarny Piotruś Quiz Stats

 Plays Quiz not verified by Sporcle

Support Sporcle.
Go Orange.
Score 0/20 Timer 10:00
0 Plays Today
Question Answer Wrong Answers
Paata Burczymladze
60.6%
Jean Black Ngody
15.9%
Gustavo Adolfo
13.2%
Maris Smirnovs
7.9%
Serginho Banan
56.8%
Ulisses
15.5%
Thiaguinho
17.8%
Sisi
7.4%
Ndombele Karim'ata Kalananka
54.9%
Fabinho Capixaba
14.2%
Leandro Messias dos Santos
14.5%
Vladimir Cap
14.2%
Mohammad Al Sadzawkian
54.3%
Wiktor Wołodymyrowycz Susło
26.2%
Usman Misi
10.2%
Boliguibia Ouattara
6.9%
Povilas Paczulias
51.9%
Joan Angel Roman Olle
23.9%
Pavel Leus
15.4%
Jurijs Zigajevs
6.6%
Marian Killer
49.9%
Arnold Sinju
6.5%
Cornelius Chidubem Udebuluzor
24%
Herbert Dick
17.3%
Addis Abeba Junior
47.7%
Otavio Dutra
17%
Saidi Ntibazonkiza
4.3%
Radek Oprsal
28.7%
Damian Silva Silva
46.9%
N’Dayi Fanfan Kalenga
21.6%
Ahmed Ghanem Soltan
16.4%
Ebrahima 'Ibou' Sawaneh
12.8%
Emmanuel Chedar
46.8%
Jhoel Alexander Herrera Zegarra
24.3%
Pape Samba Ba
13.8%
Eddy Lord Dombraye
12.8%
Bolo
45.2%
Buba
31.3%
Darci
13.2%
Mello
8.3%
Oscar Washington
45%
Afrim Kuci
15.1%
Nazad Asaad
19.5%
Mykoła Sycz
18.1%
John Jameson
39.6%
Vadim Boret
13.7%
Abdoulmoumoni Garba
30.6%
Rowland Eresaba
13.8%
Kostas Papoutsogiannopoulos Ninis
37.4%
Andy Bara
22.4%
Liad Elmaliach
18.4%
Ebenezer Mfomou
19.5%
Dickson Boro Amarena
37.1%
Grga Zlatoper
12.6%
Żankarlo Simunić
13.6%
Uładzimir Łamaka
34.6%
Tia Maria
36.9%
Ihor Łysak
7.6%
Johnny Spike Gil
23.7%
George Nhamo „Tyson” Nechironga
29.6%
Hans Landa
35.4%
Guy Armand Feutchine
16.7%
Kimitoshi Nogawa
32.4%
Develous Ebot
13.3%
Bjorn A. Ulvaeus
35%
Jan Polak
16.7%
Napoleon Amaefule
36.6%
Siergiej Golatkin
9.6%
Joffrey Baratheon
32.9%
Joseph Annor Aziz
6.7%
Koba Szalamberidze
19.1%
Alain Elvis Bono Mack Mboune
39.1%
Kevin Doubtfire
31.7%
Mike Apple
30.7%
Ljubisa Vukelja
6.2%
Diego Alessandro Rambo
29.1%
Cherilyn Sarkisian
25.6%
Pawło Ksionz
31.2%
Darlington Omodiagbe
12.2%
Leo Kurauzvione
28.9%

You're not logged in!

Compare scores with friends on all Sporcle quizzes.
OR
Log In

From the Vault

Awards Sorting Blitz

by jyrops

No EGOTing here, folks.
Remove Ads.
Support Sporcle.
Get the best of Sporcle when you Go Orange. This ad-free experience offers more features, more stats, and more fun while also helping to support Sporcle. Thank you for becoming a member.

Show Comments

Extras

Created May 22, 2020ReportNominate
Tags:gra

Top Quizzes Today


Score Distribution

Your Account Isn't Verified!

In order to create a playlist on Sporcle, you need to verify the email address you used during registration. Go to your Sporcle Settings to finish the process.

Report this User

Report this user for behavior that violates our Community Guidelines.

Details: